000 00866nas a2200277 4500
001 BR0703579
003 BR-BrBNA
005 20231205110917.0
007 ta
008 230509b bl.|||p| |||| 00| 00por d
040 _aBR-BrBNA
_bpor
_cBiblioteca Nacional de Agricultura
041 _a(Pt)
072 _aF01; N20
100 1 _aKoaskoki, A.
100 1 _aSouza, C.M.A. de
100 1 _aRafull, L.Z.L.
100 1 _aSouza, L.C.F. de
100 1 _aReis, E.F. dos
245 1 _aDesempenho de semeadora-adubadora utilizando-se dois mecanismos rmpedores e três pressões da roda compactadora
650 _aSOJA
650 _aSEMEADEIRA
650 _aPLANTIO DIRETO
773 0 _tPesquisa Agropecuária Brasileira (Brazil)
_xISSN 0100-204X
_g(May 2007), v. 42(5) p. 725-731
_wBR0703579
909 _a202311
_bLúcia
_c55
_dLúcia Elande
942 _2AGRIS
_n0
_cANA
999 _c189723
_d189723